Polskie miasta, przez które przechodzi południk 18 - Statystyki

Ogólne statystyki
  • Ten quiz został rozwiązany 24 razy
  • Średni wynik to 4 z 11
Statystyki odpowiedzi
Województwo Szerokość geograficzna Miasto % Poprawnych
Kujawsko-Pomorskie 53°07'32.1"N Bydgoszcz
86%
Opolskie 50°38'21.1"N Opole
81%
Wielkopolskie 51°44'35.5"N Kalisz
67%
Wielkopolskie 51°17'03.1"N Kępno
33%
Pomorskie 54°07'20.9"N Kościerzyna
33%
Opolskie 50°28'34.4"N Krapkowice
33%
Pomorskie 53°47'56.3"N Czersk
14%
Opolskie 50°29'23.3"N Gogolin
14%
Wielkopolskie 51°42'38.8"N Nowe Skalmierzyce
14%
Opolskie 50°09'23.9"N Baborów
5%
Opolskie 50°04'49.4"N Kietrz
5%
Nie znaleziono quizów pasujących do podanych kryteriów
Rozkład punktacji
Procent ludzi z każdym wynikiem
Percentyl według liczby udzielonych odpowiedzi
Twoja historia wyników
Nie rozwiązałeś tego quizu